Poslední možnost /

Hlavní autor: Lewis, Susan, 1956-
Další autoři: Klůfová, Petra, 1957-
Jazyk: Čeština
Vydáno: Praha : Ikar, 2000
Vydání: Vyd. 1.
Témata:
Externí odkaz: Digitalizovaný dokument
Fyzický popis: 367 s. ; 23 cm
Knihy
Uloženo v:
LEADER 01111nam a2200313 a 4500
001 000468734
003 CZ BrMZK
005 20091016084650.0
007 ta
008 010907s2000 xr g f cze d
015 |a cnb000926265 
020 |a 80-7202-572-4 
035 |a (OCoLC)44525344 
040 |a BOA001  |b cze 
072 7 |a 821.111-3  |x Anglická próza, anglicky psaná  |2 Konspekt  |9 25 
080 |a 821.111-31  |2 MRF 
080 |a (0:82-31)  |2 MRF 
100 1 |a Lewis, Susan,  |d 1956-  |7 jn20000603742  |4 aut 
245 1 0 |a Poslední možnost /  |c Susan Lewisová ; [z angličtiny přeložila Petra Klůfová] 
250 |a Vyd. 1. 
260 |a Praha :  |b Ikar,  |c 2000 
300 |a 367 s. ;  |c 23 cm 
655 7 |a anglické romány  |7 fd131814  |2 czenas 
700 1 |a Klůfová, Petra,  |d 1957-  |7 jo2008416199  |4 trl 
765 0 |t Last resort 
856 4 1 |u http://www.digitalniknihovna.cz/mzk/uuid/uuid:57b34ed0-0ee7-11e3-9923-005056827e52  |y Digitalizovaný dokument  |x NDK 
910 |a BOA001  |b 2-1070.362 
990 |a BK 
996 6 |b 2610110867  |c 2-1070.362  |l MZK  |r Sklad / do 1 hodiny  |n 7  |p p.v.  |w 000468734  |u 000010  |a 1  |e BOA001  |j MZK50  |s P